| 000 | 00777nam a2200205Ii 4500 | ||
|---|---|---|---|
| 003 | JO-AjNU | ||
| 008 | 230605s9999||||xx |||||||||||||| ||und|| | ||
| 017 | _a1972/3189 | ||
| 040 |
_aJO-AjNU _bara _erda _cJO-AjNU |
||
| 041 | _aara | ||
| 050 | 1 | 4 | _aDT97.R3 1972 |
| 100 | 3 |
_aتاليف الراقد، محمد عبد المنعم السيد؛ اشراف الحسن، أحمد أحمد, _eauthor _938797 |
|
| 245 | 0 | 0 | _aالغزو العثماني لمصر ونتائجه على الوطن العربي |
| 264 | 3 | 1 | _aالقاهرة: مؤسسة شباب الجامعة، 1972 |
| 300 | _a492ص | ||
| 336 |
_atext _btxt _2rdacontent |
||
| 337 |
_aunmediated _bn _2rdamedia |
||
| 338 |
_avolume _bnc _2rdacarrier |
||
| 650 | 4 |
_aمصر الغزو العثماني-تاريخ _938798 |
|
| 999 |
_aA16330 _c19898 _d19898 |
||